000
00274nam a2200121Ia 4500
100
_a
JOSHI VASANT/S
942
_c
BK
366
_f
50
245
_a
MADRASCHI MARATHI HASTALIKHITE
260
_b
RAJYA MARATHI VIKAS SANSTHA
_a
Mumbai
_c
1996
300
_a
208
546
_a
MARATHI
999
_c
21616
_d
21616